000 00778nam a2200265Ia 4500
003 OSt
005 20221007110830.0
006 a|||||r|||| 00| 0
007 ta
008 221006b |||||||| |||| 00| 0 eng d
020 _a0198060777
024 _a21,961
037 _cTextual
040 _aLCO
_cLCO
_beng
041 _2eng
_aeng
082 _aZ2,8, P9
100 _aArmytage Livingston Ed.
_9707900
245 0 _aSearching for Success in Judicial Reform
_b Voices the Asia Pacific Experience
260 _aNew
_bDelhi Oxford University Press
_c2009
300 _a330
500 _aAsia Pacific Judicial Reform Forum
650 _aJUDICIAL REFORM
_9701885
942 _hZ2,8, P9
_cTEXL
999 _c1191524
_d1191524